| 000 | 00720nam a2200193 4500 | ||
|---|---|---|---|
| 003 | AM-YeHGA | ||
| 040 | _aAM-YeHGA | ||
| 090 | _c443354 | ||
| 005 | 20250617155846.0 | ||
| 008 | 190611s1960 ru a||||r|||||00||||rus|| | ||
| 041 | 0 | _arus | |
| 100 | 1 | _aПречистенский, С. А. | |
| 245 | 1 | 0 |
_aЦентрифугирование аэрозолей в ЦРП (центробежном ротационном пылеотделителе) / _cС. А. Пречистенский. |
| 260 |
_aМосква : _bАтомиздат, _c1960. |
||
| 300 |
_a144 с. : _bил.; _c22 см. |
||
| 650 | 1 | 4 | _aПылеуловители |
| 650 | 1 | 4 |
_aГазы промышленные _xОчистка |
| 942 |
_2udc _cBK |
||
| 999 |
_c440579 _d440579 |
||